000 00897nam a2200253Ia 4500
003 OSt
005 20220923230455.0
006 a|||||r|||| 00| 0
007 ta
008 Pun
020 _c500
024 _a282,339
037 _b853, 12/08/2014, H.K. Prakashan
_cTextual
040 _aARTS
_cARTS
_bPun
041 _2Pun
_aPun
082 _aO153jN24, P6
100 _aਬਜਾਜ, ਪ੍ਰੇਮ ਸਿੰਘ
_9156315
245 0 _aਅਰFਨੀਲ ਪ੍ਰਿੰਸੀਪਲ ਸੁਰਜੀਤ ਸਿੰਘ ਭਾਟੀਆ
_b ਅਭਿਨੰਦਨ ਗ੍ਰੰਥ
260 _aਲੁਧਿਆਣਾ
_b ਲਾਹੌਰ ਬੁੱਕ Fਾਪ
_c2006
300 _a276ਪੰ
_ccm.
650 _aਪੰਜਾਬੀ ਸਾਹਿਤ
942 _hO153jN24, P6
_cTEXL
_2CC
999 _c385081
_d385081